| 000 | 00644nam a22002297a 4500 | ||
|---|---|---|---|
| 005 | 20170124110148.0 | ||
| 010 | _aA-899328 | ||
| 020 |
_c00.00 _a8175300124 |
||
| 035 | _aA-899328 | ||
| 037 | _bCen Lib/Ret | ||
| 040 |
_aDPL _bEN |
||
| 082 |
_aN _bVER |
||
| 100 |
_aVerma, Nirmal _929171 |
||
| 245 |
_aThe red tin roof / _cby Nirmal Verma; translated by Kuldip Singh |
||
| 260 |
_aDelhi _bRavi Dayal Publishers _c1997 |
||
| 270 |
_a51 E Sujan Singh Park _bDelhi _e110003 |
||
| 300 |
_a162p. _c18cm(Hb) |
||
| 650 |
_aHindi fiction _927248 |
||
| 650 |
_aTeenage girls _914920 |
||
| 700 |
_aKuldip Singh _933756 |
||
| 942 |
_2ddc _cEN _hN _mVER |
||
| 999 |
_c132118 _d132118 |
||